000 00978cam a2200289 a 4500
001 12669079
003 OSt
005 20230620161245.0
008 020205s2002 nyua a 000 1 eng
010 _a 2002101726
020 _a0887766005
035 _a(DLC) 2002101726
040 _aDLC
_cDLC
_dDLC
042 _alcac
050 0 0 _aPZ7.J579
_bA 2002
082 0 0 _a325.31
_222
_bCRO
100 1 _aJocelyn, Marthe.
245 1 2 _aA day with Nellie /
_cMarthe Jocelyn.
260 _aPlattsburgh, N.Y. :
_bTundra Books,
_cc2002.
300 _a1 v. (unpaged) :
_bcol. ill. ;
_c26 cm.
650 1 _aDay
_vFiction.
856 4 2 _3Contributor biographical information
_uhttp://www.loc.gov/catdir/bios/random054/2002101726.html
856 4 2 _3Publisher description
_uhttp://www.loc.gov/catdir/description/random0413/2002101726.html
906 _a7
_bcbc
_corignew
_d2
_eepcn
_f20
_gy-gencatlg
942 _2ddc
_cBK
999 _c1913
_d1913